000 00471nam a22001937a 4500
003 MPLRDC
005 20220104144327.0
008 210129b ||||| |||| 00| 0 eng d
020 _a962-447-570-9
082 _a857.621 NK-10 v.52
100 _a倪匡
245 _a一个地方
_c
250 _a初版
260 _a
_b勤加缘出版社
_c2002
300 _b
490 _a卫斯理科幻系列. 52
650 _a科幻小说
942 _cBK
_o857.621 NK-10 v.52
999 _c48550
_d48540